000
00325nam a22001337a 4500
008
190129b xxu||||| |||| 00| 0 eng d
020
_a
9780202360720
041
_a
eng
080
_a
331.101.262
100
_a
52
101
_a
BNJ
245
_a
Human Behavior theory and Social work pracitce
_c
Greene,R.R
942
_2
udc
_c
BK
999
_c
53837
_d
53837